The Restaurant & bar English/Spanish Spanish/English dictionary : (Record no. 363420)
[ view plain ]
| 000 -LEADER | |
|---|---|
| fixed length control field | 00856nam a2200253Ia 4500 |
| 008 - FIXED-LENGTH DATA ELEMENTS--GENERAL INFORMATION | |
| fixed length control field | 200601s9999 xx 000 0 und d |
| 020 ## - INTERNATIONAL STANDARD BOOK NUMBER | |
| International Standard Book Number | 978-0471-71182-7 |
| 050 ## - LIBRARY OF CONGRESS CALL NUMBER | |
| Classification number | REF TX 905 |
| 050 ## - LIBRARY OF CONGRESS CALL NUMBER | |
| Item number | .B45 2007 |
| 100 ## - MAIN ENTRY--PERSONAL NAME | |
| Personal name | Belknap, Maria. |
| 245 #4 - TITLE STATEMENT | |
| Title | The Restaurant & bar English/Spanish Spanish/English dictionary : |
| 245 #0 - TITLE STATEMENT | |
| Remainder of title | diccionario ingles/español español/engles para restaurantes y cantinas / |
| 245 #0 - TITLE STATEMENT | |
| Statement of responsibility, etc | Maria Belknap |
| 260 ## - PUBLICATION, DISTRIBUTION, ETC. (IMPRINT) | |
| Place of publication, distribution, etc | New Jersey : |
| 260 ## - PUBLICATION, DISTRIBUTION, ETC. (IMPRINT) | |
| Name of publisher, distributor, etc | John Wiley & Sons, Inc. |
| 260 ## - PUBLICATION, DISTRIBUTION, ETC. (IMPRINT) | |
| Date of publication, distribution, etc | 2006 |
| 300 ## - PHYSICAL DESCRIPTION | |
| Extent | 325 pages : |
| 300 ## - PHYSICAL DESCRIPTION | |
| Other physical details | illustrations ; |
| 300 ## - PHYSICAL DESCRIPTION | |
| Dimensions | 23 cm. |
| 650 ## - SUBJECT ADDED ENTRY--TOPICAL TERM | |
| Topical term or geographic name as entry element | English language -- Dictionaries -- Spanish. |
| 650 ## - SUBJECT ADDED ENTRY--TOPICAL TERM | |
| Topical term or geographic name as entry element | Restaurants -- Dcitionaries -- Spanish. |
| 650 ## - SUBJECT ADDED ENTRY--TOPICAL TERM | |
| General subdivision | Bar (Drinking establishments) -- Dictionaries -- Spanish. |
| 650 ## - SUBJECT ADDED ENTRY--TOPICAL TERM | |
| General subdivision | Spanish language -- Dictionaries -- English. |
| Withdrawn status | Lost status | Damaged status | Home library | Current library | Shelving location | Date acquired | Total Checkouts | Full call number | Barcode | Date last seen | Price effective from | Koha item type |
|---|---|---|---|---|---|---|---|---|---|---|---|---|
| South Mansfield College | South Mansfield College | Reference Section | 06/01/2020 | REF TX 905 .B45 2007 | SMC04100 | 06/01/2020 | 06/01/2020 | Books |